مكتبة جامعة عجلون الوطنية

فهرس بحث المكتبة

الحروب الصليبية: (المقدمات السياسية) (Record no. 19738)

MARC details
000 -LEADER
fixed length control field 00785nam a2200229Ii 4500
003 - CONTROL NUMBER IDENTIFIER
control field JO-AjNU
008 - FIXED-LENGTH DATA ELEMENTS--GENERAL INFORMATION
fixed length control field 230605s9999||||xx |||||||||||||| ||und||
017 ## - COPYRIGHT OR LEGAL DEPOSIT NUMBER
Copyright or legal deposit number 1999/11575
020 ## - INTERNATIONAL STANDARD BOOK NUMBER
International Standard Book Number 977-01-6100-3
040 ## - CATALOGING SOURCE
Original cataloging agency JO-AjNU
Language of cataloging ara
Description conventions rda
Transcribing agency JO-AjNU
041 ## - LANGUAGE CODE
Language code of text/sound track or separate title ara
050 14 - LIBRARY OF CONGRESS CALL NUMBER
Classification number D157.J36 1999
100 3# - MAIN ENTRY--PERSONAL NAME
Personal name تاليف الجنزوري، علية عبد السميع,
Relator term author
9 (RLIN) 38479
245 00 - TITLE STATEMENT
Title الحروب الصليبية: (المقدمات السياسية)
264 31 - PRODUCTION, PUBLICATION, DISTRIBUTION, MANUFACTURE, AND COPYRIGHT NOTICE
Place of production, publication, distribution, manufacture مصر: الهييئة المصرية العامة للكتاب، 1999
300 ## - PHYSICAL DESCRIPTION
Extent 379ص
336 ## - CONTENT TYPE
Content type term text
Content type code txt
Source rdacontent
337 ## - MEDIA TYPE
Media type term unmediated
Media type code n
Source rdamedia
338 ## - CARRIER TYPE
Carrier type term volume
Carrier type code nc
Source rdacarrier
490 0# - SERIES STATEMENT
Series statement تاريخ المصريين؛ (153)
650 #4 - SUBJECT ADDED ENTRY--TOPICAL TERM
Topical term or geographic name entry element حروب عالمية
9 (RLIN) 38480
Holdings
Withdrawn status Lost status Source of classification or shelving scheme Damaged status Not for loan Home library Current library Shelving location Date acquired Total Checkouts Full call number Barcode Date last seen Price effective from Koha item type
    Library of Congress Classification     مكتبة جامعة عجلون الوطنية مكتبة جامعة عجلون الوطنية المجموعات العامة 06/06/2023   D157.J36 1999 A16170 06/06/2023 06/06/2023 Books